[Event "CZE-chT2C 1617"]
[Site "Czech Republic"]
[Date "2017.04.02"]
[Round "11.6"]
[White "Valtr, Tomas"]
[Black "Vit, Premysl"]
[Result "1-0"]
[WhiteElo "1939"]
[BlackElo "1868"]
[PlyCount "109"]
[EventDate "2016.10.09"]
[EventType "team-tourn"]
[EventRounds "11"]
[EventCountry "CZE"]
[SourceTitle "EXT 2022"]
[Source "ChessBase"]
[SourceDate "2021.10.06"]
[SourceVersion "1"]
[SourceVersionDate "2021.10.06"]
[SourceQuality "1"]
[WhiteTeam "Lysa nad Labem IV"]
[BlackTeam "Prachatice"]
[WhiteTeamCountry "CZE"]
[BlackTeamCountry "CZE"]

1. Nf3 d5 2. d4 Nf6 3. e3 Bf5 4. Bd3 Bxd3 5. Qxd3 c6 6. Nbd2 e6 7. 0-0 Be7 8. e4 dxe4 9. Nxe4 Nxe4 10. Qxe4 Qd5 11. Qe2 0-0 12. Re1 Bf6 13. c3 Nd7 14. Bf4 Rad8 15. a3 Qf5 16. Bc7 Rc8 17. Bg3 Rcd8 18. Rad1 Qd5 19. Nd2 Be7 20. Ne4 Nf6 21. f3 Nxe4 22. fxe4 Qb3 23. Bf2 Rd7 24. Rd3 Qc4 25. Qc2 e5 26. b3 Qa6 27. d5 Rfd8 28. c4 Qxa3 29. Qc3 Bc5 30. Qxe5 Bxf2+ 31. Kxf2 Rd6 32. Rf3 Rg6 33. Qd4 Qa2+ 34. Re2 Rxg2+ 35. Kxg2 Qxe2+ 36. Rf2 Qg4+ 37. Kh1 f6 38. Rg2 Qh4 39. Qe3 Re8 40. Re2 cxd5 41. cxd5 b6 42. d6 Qg4 43. Qd3 Qd7 44. Rd2 Rc8 45. Rd1 Rc5 46. b4 Rc8 47. Qd5+ Kf8 48. e5 Re8 49. exf6 gxf6 50. b5 Re5 51. Qc6 Ke8 52. Rg1 Qxc6+ 53. bxc6 Rc5 54. Rg8+ Kf7 55. d7 1-0